Score 0/15 Timer 07:00
0 Plays Today
Question Answer Wrong Answers
June 13th Gemini
100%
Leo
0%
Scorpio
0%
Sagittarius
0%
Febuary 7th Aquarius
100%
Pisces
0%
Gemini
0%
Aries
0%
May 3rd Taurus
100%
Cancer
0%
Gemini
0%
Leo
0%
January 14th Capricorn
100%
Taurus
0%
Aquarius
0%
Leo
0%
July 2lst Cancer
100%
Virgo
0%
Libra
0%
Scorpio
0%
August 1st Leo
100%
Cancer
0%
Gemini
0%
Capricorn
0%
March 19th Pisces
90.9%
Scorpio
0%
Cancer
0%
Taurus
9.1%
August 25th Virgo
90.9%
Libra
0%
Scorpio
9.1%
Aries
0%
April 19th Aries
90.9%
Cancer
9.1%
Virgo
0%
Libra
0%
November 15th Scorpio
81.8%
Sagittarius
0%
Aquarius
0%
Libra
18.2%
October 29th Scorpio
81.8%
Libra
9.1%
Cancer
0%
Virgo
9.1%
December 5th Sagittarius
81.8%
Scorpio
9.1%
Capricorn
0%
Cancer
9.1%
September 30th Libra
72.7%
Virgo
18.2%
Cancer
0%
Scorpio
9.1%
September 22nd Virgo
45.5%
Leo
9.1%
Libra
45.5%
Sagittarius
0%
November 1st Libra
36.4%
Scorpio
54.5%
Sagittarius
0%
Gemini
9.1%
Come Together.
Have Fun.
All Virtual.
We all need to come together. Play Sporcle's virtual live trivia to have fun, connect with people, and get your trivia on. Join a live hosted trivia game for your favorite pub trivia experience done virtually. If a virtual private party is more your thing, go here for details.

You're not logged in!

Compare scores with friends on all Sporcle quizzes.
OR
Log In

Sporcle TV

Today on Sporcle TV


Watch our educational content, quiz creation guides, and fun videos on Sporcle TV.

Show Comments

Extras

Created Feb 10, 2020ReportNominate
Tags:date, sign, The Zodiac, Zodiac

Top Quizzes Today


Score Distribution

Paid Content

Your Account Isn't Verified!

In order to create a playlist on Sporcle, you need to verify the email address you used during registration. Go to your Sporcle Settings to finish the process.

Report this User

Report this user for behavior that violates our Community Guidelines.

Details: